00923nam a22002417a 4500003000400000005001700004008004100021020001800062040000900080100002600089245010400115260003200219300001100251490001900262500012700281650004800408650004700456650003300503700002500536942001300561999001500574952009200589OSt20131113110104.0130424s2010 sp ||||| |||| 00| 0 spa d a9788499083117 cCDMR1 92634aCruz Ruiz, Juan10a¿ Periodismo ?b: vale la pena vivir para este oficiocJuan Cruz Ruiz ; prólogo de Javier Moreno aBarcelonabDebolsilloc2010 a251 p.0 aCrónicav249 aConté les entrevistes publicades a El País, entre gener i febrer de 2009, sota el títol de "Maestros del periodismo"0492030aPeriodismexOrientació professional0493782aPeriodistesxPràctica professional0493075aPeriodistesvIntervius1 93254aMoreno, Javier 2udccMON c6118d6118 00104070aCDMRbCDMRd2013-01-16l0oAm /5pCDMR13046250r2013-04-24w2013-04-24yMON